[Event "Hessen-ch U14/U18 Girls"]
[Site "Bad Homburg"]
[Date "2015.03.30"]
[Round "3"]
[White "Woehl, Jessica"]
[Black "Paeutz, Hannah"]
[Result "1-0"]
[WhiteElo "1154"]
[BlackElo "890"]
[PlyCount "43"]
[EventDate "2015.03.30"]
[EventType "swiss"]
[EventRounds "7"]
[EventCountry "GER"]
[SourceTitle "EXT 2017"]
[Source "ChessBase"]
[SourceDate "2016.10.25"]
[SourceVersion "1"]
[SourceVersionDate "2016.10.25"]
[SourceQuality "1"]

1. e4 e5 2. Nf3 Nc6 3. Bc4 Nf6 4. Nc3 Nxe4 5. Nxe4 d5 6. Bb5 dxe4 7. Nxe5 Qd5 8. Bxc6+ bxc6 9. Ng4 Bc5 10. d3 Qe6 11. Ne3 0-0 12. dxe4 Qxe4 13. Qf3 Re8 14. Qxe4 Rxe4 15. 0-0 Ba6 16. Re1 Bb4 17. c3 Bc5 18. b4 Bc4 19. bxc5 Rd8 20. Ba3 Rd2 21. Nxc4 Rxc4 22. Re8# 1-0

[Event "Hessen-ch U12"]
[Site "Bad Homburg"]
[Date "2014.??.??"]
[Round "5"]
[White "Paeutz, Hannah"]
[Black "Tychyna, Violetta"]
[Result "0-1"]
[WhiteElo "797"]
[BlackElo "1031"]
[PlyCount "62"]
[EventDate "2014.04.??"]
[EventType "swiss"]
[EventRounds "9"]
[EventCountry "GER"]
[SourceTitle "EXT 2022"]
[Source "ChessBase"]
[SourceDate "2021.10.06"]
[SourceVersion "1"]
[SourceVersionDate "2021.10.06"]
[SourceQuality "1"]

1. e4 e5 2. Nf3 Nc6 3. Bc4 Nf6 4. Nc3 Bc5 5. 0-0 0-0 6. d3 d6 7. Ng5 Nd4 8. Nf3 Bg4 9. Nd5 Nxf3+ 10. gxf3 Bh3 11. Re1 c6 12. Ne3 b5 13. Bb3 Nh5 14. Nf5 Qf6 15. a4 Qg6+ 16. Ng3 Kh8 17. axb5 cxb5 18. Bd5 Rad8 19. Ra6 Nf4 20. c3 Nxd5 21. exd5 f5 22. d4 Bb6 23. dxe5 f4 24. exd6 fxg3 25. hxg3 Rxd6 26. Bf4 Rdf6 27. Be5 Rxf3 28. Re3 Rxf2 29. Qb3 Rf1+ 30. Kh2 R8f2+ 31. Kxh3 Qh5# 0-1

[Event "Hessen-ch U12"]
[Site "Bad Homburg"]
[Date "2013.??.??"]
[Round "6"]
[White "Paeutz, Hannah"]
[Black "Hoffmann, Marius"]
[Result "0-1"]
[WhiteElo "886"]
[BlackElo "668"]
[PlyCount "60"]
[EventDate "2013.03.??"]
[EventType "swiss"]
[EventRounds "9"]
[EventCountry "GER"]
[SourceTitle "EXT 2014"]
[Source "ChessBase"]
[SourceDate "2013.11.20"]
[SourceVersion "1"]
[SourceVersionDate "2013.11.20"]
[SourceQuality "1"]

1. e4 e5 2. Nf3 Nc6 3. Bb5 Qe7 4. 0-0 a6 5. Ba4 Qb4 6. Nc3 Nd4 7. d3 Nf6 8. b3 Qxc3 9. Bd2 Qc5 10. Be3 g6 11. Rc1 Qd6 12. c3 Nxf3+ 13. Qxf3 Bg7 14. b4 Qxd3 15. Bc2 Qxc3 16. Bc5 Qxf3 17. gxf3 d6 18. Be3 0-0 19. Bb3 Bh3 20. Rfd1 Rae8 21. Rxc7 Rb8 22. Rxd6 Ne8 23. Bxf7+ Rxf7 24. Rxf7 Kxf7 25. Rd1 Be6 26. Ba7 Ra8 27. Be3 Bxa2 28. Rd7+ Ke6 29. Bd2 Bc4 30. Bg5 Nf6 0-1

[Event "Hessen-ch U12"]
[Site "Bad Homburg"]
[Date "2013.??.??"]
[Round "9"]
[White "Yukelson, Tamar"]
[Black "Paeutz, Hannah"]
[Result "0-1"]
[WhiteElo "735"]
[BlackElo "886"]
[PlyCount "80"]
[EventDate "2013.03.??"]
[EventType "swiss"]
[EventRounds "9"]
[EventCountry "GER"]
[SourceTitle "EXT 2014"]
[Source "ChessBase"]
[SourceDate "2013.11.20"]
[SourceVersion "1"]
[SourceVersionDate "2013.11.20"]
[SourceQuality "1"]

1. e4 e5 2. Nf3 Nc6 3. Bc4 Nf6 4. Nc3 Bb4 5. d3 0-0 6. Bg5 h6 7. Bh4 d6 8. h3 Nd4 9. 0-0 Re8 10. Nxd4 exd4 11. Nd5 c5 12. Bxf6 gxf6 13. Qh5 Be6 14. Nf4 Bxc4 15. dxc4 Rxe4 16. Qxh6 Bd2 17. g3 d5 18. Qh5 Bxf4 19. Qg4+ Bg5 20. Qh5 dxc4 21. Rfe1 Rxe1+ 22. Rxe1 Qf8 23. Rd1 Qh6 24. Qxh6 Bxh6 25. c3 dxc3 26. bxc3 b5 27. a3 a5 28. Rb1 Rb8 29. a4 b4 30. cxb4 cxb4 31. Kg2 c3 32. Rc1 Bxc1 33. Kf3 b3 34. Ke2 b2 35. Kd1 b1Q 36. Ke2 c2 37. Kd3 Ba3 38. Kd2 c1Q+ 39. Ke2 Rb3 40. f4 Qcc2# 0-1

[Event "Hessen-ch U10"]
[Site "Bad Homburg"]
[Date "2012.??.??"]
[Round "7"]
[White "Paeutz, Hannah"]
[Black "Kroemer, Alexander"]
[Result "0-1"]
[WhiteElo "754"]
[BlackElo "786"]
[PlyCount "36"]
[EventDate "2012.04.??"]
[EventType "swiss"]
[EventRounds "9"]
[EventCountry "GER"]
[SourceTitle "EXT 2015"]
[Source "ChessBase"]
[SourceDate "2014.11.20"]
[SourceVersion "1"]
[SourceVersionDate "2014.11.20"]
[SourceQuality "1"]

1. e4 e5 2. Nf3 Nc6 3. Bc4 Bc5 4. 0-0 Nf6 5. d3 h6 6. Nc3 d6 7. Qe2 Qe7 8. Be3 Be6 9. Bxc5 Bxc4 10. dxc4 dxc5 11. Na4 0-0 12. Rad1 Rfd8 13. Rxd8+ Rxd8 14. Rd1 Rxd1+ 15. Qxd1 b6 16. Qd3 Qd8 17. Qb3 Qd1+ 18. Ne1 Qxe1# 0-1